000 00857cam a22002774a 4500
001 14183796
005 20180316043510.0
008 051129s2006 mauab b 001 0 eng
010 _a 2005034987
015 _aGBA609313
_2bnb
016 7 _a013366750
_2Uk
020 _a0763708607 (alk. paper)
035 _a(OCoLC)ocm62421236
040 _aDLC
_cDLC
_dYDX
_dBAKER
_dUKM
_dDLC
041 _aeng
042 _apcc
080 _a363.7 CHIR
082 0 0 _a363.7 CHIR
_222
100 1 _a9
101 _aMJE
245 1 0 _aEnvironmental science /
_cDaniel D. Chiras.
504 _aIncludes bibliographical references (p. 630-642) and index.
906 _a7
_bcbc
_corignew
_d1
_eecip
_f20
_gy-gencatlg
942 _2ddc
_cBK
999 _c45203
_d45203